000 00487cam a2200205 4500
001 D7645
008 090401t1979 xxu||||| |||| 00| 0 eng d
035 _a(Sirsi) u8670
041 _aeng
050 _a526.9
100 _aOlliver, J. G.
245 _aPrinciples of surveying: Volume 1 plane surveying
250 _a4th
260 _aLondon
_bVan Nostrand Co
_c1979
300 _aix. 267p. 23cm
350 _a5
700 _aClendinning, J.
942 _n0
948 _c04/03/1997
999 _c86543
_d86543